000
00232nam a2200097Ia 4500
001
725688
005
20250826163414.0
008
250824s9999 xx 000 0 und d
245
0
_a
BARAJ
_c
RAMAZAN YASİN GÜNEY
260
_b
ATLI KARINCA
999
_c
725688
_d
725688